Statistics for తెలుగు సంవత్సరాలు (telugu saṃvatsarālu)

Click here to take the quiz!

General Stats

  • This quiz has been taken 5 times
  • The average score is 16 of 60

Answer Stats

సంఖ్య (saṃkhya)ఆంగ్ల సంవత్సరాలు (āṃgla saṃvatsarālu)సంవత్సరం (saṃvatsaraṃ)% Correct
౨౮ (28)౨౦౧౪-౨౦౧౫ (2014-2015)జయ (jaya)
100%
౮ (8)౧౯౯౪-౧౯౯౫ (1994-1995)భావ (bhāva)
75%
౬ (6)౧౯౯౨-౧౯౯౩ (1992-1993)అంగీరస (aṃgīrasa)
50%
౧౦ (10)౧౯౯౬-౧౯౯౭ (1996-1997)ధాత (dhāta)
50%
౫౬ (56)౨౦౪౨-౨౦౪౩ (2042-2043)దుందుభి (duṃdubhi)
50%
౩౧ (31)౨౦౧౭-౨౦౧౮ (2017-2018)హేమలంబ (hēmalaṃba)
50%
౧౧ (11)౧౯౯౭-౧౯౯౮ (1997-1998)ఈశ్వర (īśvara)
50%
౪౨ (42)౨౦౨౮-౨౦౨౯ (2028-2029)కీలక (kīlaka)
50%
౨౬ (26)౨౦౧౨-౨౦౧౩ (2012-2013)నందన (naṃdana)
50%
౩౫ (35)౨౦౨౧-౨౦౨౨ (2021-2022)ప్లవ (plava)
50%
౪౧ (41)౨౦౨౭-౨౦౨౮ (2027-2028)ప్లవంగ (plavaṃga)
50%
౫౮ (58)౨౦౪౪-౨౦౪౫ (2044-2045)రక్తాక్షి (raktākṣi)
50%
౨౭ (27)౨౦౧౩-౨౦౧౪ (2013-2014)విజయ (vijaya)
50%
౩౩ (33)౨౦౧౯-౨౦౨౦ (2019-2020)వికారి (vikāri)
50%
౧౪ (14)౨౦౦౦-౨౦౦౧ (2000-2001)విక్రమ (vikrama)
50%
౨౩ (23)౨౦౦౯-౨౦౧౦ (2009-2010)విరోధి (virōdhi)
50%
౯ (9)౧౯౯౫-౧౯౯౬ (1995-1996)యువ (yuva)
50%
౬౦ (60)౨౦౪౬-౨౦౪౭ (2046-2047)అక్షయ (akṣaya)
25%
౪౮ (48)౨౦౩౪-౨౦౩౫ (2034-2035)ఆనంద (ānaṃda)
25%
౧౨ (12)౧౯౯౮-౧౯౯౯ (1998-1999)బహుధాన్య (bahudhānya)
25%
౧౬ (16)౨౦౦౨-౨౦౦౩ (2002-2003)చిత్రభాను (citrabhānu)
25%
౩౦ (30)౨౦౧౬-౨౦౧౭ (2016-2017)దుర్ముఖి (durmukhi)
25%
౨౫ (25)౨౦౧౧-౨౦౧౨ (2011-2012)ఖర (khara)
25%
౫౯ (59)౨౦౪౫-౨౦౪౬ (2045-2046)క్రోధన (krōdhana)
25%
౩౮ (38)౨౦౨౪-౨౦౨౫ (2024-2025)క్రోధి (krōdhi)
25%
౫౦ (50)౨౦౩౬-౨౦౩౭ (2036-2037)నల (nala)
25%
౧౯ (19)౨౦౦౫-౨౦౦౬ (2005-2006)పార్థివ (pārthiva)
25%
౫౧ (51)౨౦౩౭-౨౦౩౮ (2037-2038)పింగళ (piṃgaḷa)
25%
౧ (1)౧౯౮౭-౧౯౮౮ (1987-1988)ప్రభవ (prabhava)
25%
౫ (5)౧౯౯౧-౧౯౯౨ (1991-1992)ప్రజోత్పత్తి (prajōtpatti)
25%
౧౩ (13)౧౯౯౯-౨౦౦౦ (1999-2000)ప్రమాది (pramādi)
25%
౪ (4)౧౯౯౦-౧౯౯౧ (1990-1991)ప్రమోదూత (pramōdūta)
25%
౪౯ (49)౨౦౩౫-౨౦౩౬ (2035-2036)రాక్షస (rākṣasa)
25%
౫౪ (54)౨౦౪౦-౨౦౪౧ (2040-2041)రౌద్రి (raudri)
25%
౫౭ (57)౨౦౪౩-౨౦౪౪ (2043-2044)రుధిరోద్గారి (rudhirōdgāri)
25%
౨౨ (22)౨౦౦౮-౨౦౦౯ (2008-2009)సర్వధారి (sarvadhāri)
25%
౨౧ (21)౨౦౦౭-౨౦౦౮ (2007-2008)సర్వజిత్తు (sarvajittu)
25%
౩౪ (34)౨౦౨౦-౨౦౨౧ (2020-2021)శార్వరి (śārvari)
25%
౪౩ (43)౨౦౨౯-౨౦౩౦ (2029-2030)సౌమ్య (saumya)
25%
౭ (7)౧౯౯౩-౧౯౯౪ (1993-1994)శ్రీముఖ (śrīmukha)
25%
౩ (3)౧౯౮౯-౧౯౯౦ (1989-1990)శుక్ల (śukla)
25%
౧౮ (18)౨౦౦౪-౨౦౦౫ (2004-2005)తారణ (tāraṇa)
25%
౩౨ (32)౨౦౧౮-౨౦౧౯ (2018-2019)విళంబి (viḷaṃbi)
25%
౨ (2)౧౯౮౮-౧౯౮౯ (1988-1989)విభవ (vibhava)
25%
౧౫ (15)౨౦౦౧-౨౦౦౨ (2001-2002)వృష (vṛṣa)
25%
౫౫ (55)౨౦౪౧-౨౦౪౨ (2041-2042)దుర్మతి (durmati)
0%
౫౨ (52)౨౦౩౮-౨౦౩౯ (2038-2039)కాళయుక్తి (kāḷayukti)
0%
౨౯ (29)౨౦౧౫-౨౦౧౬ (2015-2016)మన్మథ (manmatha)
0%
౪౦ (40)౨౦౨౬-౨౦౨౭ (2026-2027)పరాభవ (parābhava)
0%
౪౬ (46)౨౦౩౨-౨౦౩౩ (2032-2033)పరీధావి (parīdhāvi)
0%
౪౭ (47)౨౦౩౩-౨౦౩౪ (2033-2034)ప్రమాదీచ (pramādīca)
0%
౪౪ (44)౨౦౩౦-౨౦౩౧ (2030-2031)సాధారణ (sādhāraṇa)
0%
౫౩ (53)౨౦౩౯-౨౦౪౦ (2039-2040)సిద్ధార్థి (siddhārthi)
0%
౩౭ (37)౨౦౨౩-౨౦౨౪ (2023-2024)శోభకృతు (śōbhakṛtu)
0%
౩౬ (36)౨౦౨౨-౨౦౨౩ (2022-2023)శుభకృతు (śubhakṛtu)
0%
౧౭ (17)౨౦౦౩-౨౦౦౪ (2003-2004)స్వభాను (svabhānu)
0%
౨౪ (24)౨౦౧౦-౨౦౧౧ (2010-2011)వికృతి (vikṛti)
0%
౪౫ (45)౨౦౩౧-౨౦౩౨ (2031-2032)విరోధికృతు (virōdhikṛtu)
0%
౩౯ (39)౨౦౨౫-౨౦౨౬ (2025-2026)విశ్వావసు (viśvāvasu)
0%
౨౦ (20)౨౦౦౬-౨౦౦౭ (2006-2007)వ్యయ (vyaya)
0%

Score Distribution

Percentile by Number Answered

Percent of People with Each Score

Your Score History

You have not taken this quiz